Statistics for Top 10 Best American Presidents

Click here to take the quiz!

General Stats

  • This quiz has been taken 17,881 times
    (17,832 since last reset)
  • The average score is 7 of 10

Answer Stats

# Presidents % Correct
1Abraham Lincoln
97%
3George Washington
95%
2Franklin D. Roosevelt
88%
4Theodore Roosevelt
84%
10John F. Kennedy
79%
5Thomas Jefferson
70%
8Dwight Eisenhower
48%
6Harry S. Truman
46%
7Woodrow Wilson
42%
9Andrew Jackson
35%

Score Distribution

Percentile by Number Answered

Percent of People with Each Score

Your Score History

You have not taken this quiz since the last reset